[Event "German Bundesliga 2021-22"]
[Site "Germany"]
[Date "2022.04.09"]
[Round "3.11"]
[White "Anton Guijarro, David"]
[Black "Bogner, Sebastian"]
[Result "1-0"]
[WhiteElo "2691"]
[BlackElo "2573"]
[Annotator "TA"]
[PlyCount "105"]
[EventDate "2022.03.05"]
[EventType "team-tourn"]
[EventCountry "GER"]
[SourceTitle "playchess.com"]
[Source "ChessBase"]
[SourceQuality "1"]
[TimeControl "40/5400+30:1800+30"]

{[%evp 32,105,0,0,0,0,0,0,0,0,43,22,18,29,54,50,54,54,52,56,72,72,73,66,66,74,71,71,71,71,71,67,98,100,94,79,136,138,218,218,218,218,362,343,517,526,499,305,614,0,463,0,309,306,419,242,233,217,215,215,212,212,212,215,472,458,558,463,856,770,795,626,619,618,1394,1059]} 1. e4 {[%emt 0:00:00]} e5 {[%emt 0:00:00]} 2. Nf3 {[%emt 0:00:00]} Nf6 {[%emt 0:00:00]} 3. Nxe5 {[%emt 0:00:00]} d6 {[%emt 0:00:00]} 4. Nf3 {[%emt 0:00:00]} Nxe4 {[%emt 0:00:00]} 5. d4 {[%emt 0:00:00]} d5 {[%emt 0:00:00]} 6. Bd3 {[%emt 0:00:00]} Bd6 {[%emt 0:00:00]} 7. O-O {[%emt 0:00:00]} O-O {[%emt 0:00:00]} 8. c4 {[%emt 0:00:00]} c6 {[%emt 0:00:00]} 9. cxd5 {[%emt 0:00:00]} cxd5 {[%emt 0:00:00]} 10. Nc3 {[%emt 0:00:00]} Nxc3 {[%emt 0:03:40]} 11. bxc3 {[%emt 0:00:00]} Bg4 {[%emt 0:13:27]} 12. Rb1 {[%emt 0:00:19]} Nd7 {[%emt 0:00:07]} 13. h3 {[%emt 0:00:32]} Bh5 {[%emt 0:05:48]} 14. Rb5 {[%emt 0:00:19]} Nb6 {[%emt 0:05:22]} 15. c4 {[%emt 0:00:25]} Bxf3 {[%emt 0:13:09]} 16. Qxf3 {[%emt 0:00:17]} dxc4 {[%emt 0:00:51]} 17. Be4 {[%emt 0:01:20]} Qd7 {[%emt 0:06:43] C42: Petroff Defence: 3 Nxe5 and unusual White 3rd moves.} 18. Ra5 $5 {[%emt 0:03:00][%mdl 4] A promising side line.} Bb4 {[%emt 0:05:13][%csl LRa5,LRd4]} 19. Rh5 {[%emt 0:02:53]} g6 {[%emt 0:00:20] The position is equal.} 20. a3 {[%emt 0:01:14][%cal Oa3b4] [#]} Be7 $146 {[%emt 0:08:18]} ({Predecessor:} 20... gxh5 21. Bxh7+ Kxh7 22. Qxh5+ Kg8 {½-½ (22) Dressel,R (2209)-Haas,B (2034) ICCF email 2006}) 21. Ra5 {[%emt 0:09:23][%cal Bh5a5,Ba5a7,Ba7a6,Ba6c6][%mdl 32]} Qxd4 {[%emt 0:14:52]} 22. Bxb7 {[%emt 0:13:04]} Rab8 {[%emt 0:00:09]} 23. Be3 {[%emt 0:16:44]} Qf6 {[%emt 0:08:20]} 24. Rxa7 {[%emt 0:02:09] Black must now prevent Qxf6.} Nc8 {[%emt 0:08:34]} 25. Ra6 {[%emt 0:02:27]} Qb2 {[%emt 0:02:06]} 26. Bd5 {[%emt 0:07:26] This bishop pair is nice.} Qb5 {[%emt 0:03:52]} 27. Rc6 {[%emt 0:06:19] And now Qe4 would win. 0x0.00261840b71ddp-1022s more active pieces.} Nb6 {[%emt 0:01:29]} 28. Bxb6 {[%emt 0:07:12]} Rxb6 {[%emt 0:00:02]} 29. a4 {[%emt 0:00:39]} Qa5 {[%emt 0:01:03]} 30. Rxb6 {[%emt 0:00:56]} Qxb6 {[%emt 0:00:01]} 31. Bxc4 {[%emt 0:03:15]} Qb4 {[%emt 0:00:20]} 32. Bb3 {[%emt 0:02:21]} Kg7 {[%emt 0:00:18]} 33. Rd1 {[%emt 0:02:11]} Bf6 {[%emt 0:01:47]} ({Black should try} 33... f5) 34. Rd7 $1 $16 {[%emt 0:03:52]} h5 {[%emt 0:00:23] [#]} (34... Qc3 $16 35. Qxc3 Bxc3) 35. g3 $1 $18 {[%emt 0:01:09][%cal Bg2g3,Bg3g4][%mdl 32]} h4 {[%emt 0:00:54] [#]} 36. g4 {[%emt 0:01:00]} Qe1+ {[%emt 0:00:48]} (36... Be5 $142 37. g5 (37. Rxf7+ Rxf7 38. Qxf7+ Kh6 $18) 37... Kh8) 37. Kg2 {[%emt 0:00:20][%cal Og4g5] Threatens to win with g5!} Qb4 {[%emt 0:00:31]} (37... Qa5 {was worth a try.} 38. Qb7 (38. Rd6 Be5 $18) 38... Kh6 39. Rxf7 Rxf7 40. Qxf7 Ba1) 38. Qd5 {[%emt 0:03:54][%cal Rd7f7]} Kh6 {[%emt 0:00:29]} 39. Bc2 {[%emt 0:07:18]} Kg7 {[%emt 0:00:31]} (39... Bc3 40. g5+ (40. Rxf7 Rxf7 41. Qxf7 Qd6 $18) 40... Kg7) 40. Bb3 {[%emt 0:05:42][%cal Rd7f7]} Kh6 {[%emt 0:00:22]} 41. Qf3 {[%emt 0:00:00] Against Qf4} Kg7 $1 {[%emt 0:00:00]} 42. Rb7 {[%emt 0:03:06]} ({Don't take} 42. g5 Be7 43. Qd5 Qc5 44. Qxc5 Bxc5 $18) 42... Qd2 {[%emt 0:00:00]} 43. Qd5 {[%emt 0:01:32]} (43. Rb6 Qc3 44. a5 Qxf3+ 45. Kxf3 Bd8 $18) (43. Bd5 $142) 43... Qxd5+ {[%emt 0:00:25]} 44. Bxd5 {[%emt 0:00:05][%mdl 4096] Endgame KRB-KRB} Bc3 {[%emt 0:00:17]} 45. f4 {[%emt 0:02:22]} g5 {[%emt 0:01:42]} 46. fxg5 {[%emt 0:01:01]} Kg6 {[%emt 0:00:11]} 47. Kf3 {[%emt 0:01:11]} Bd2 $2 {[%emt 0:00:34]} (47... Kxg5 48. Rb5 f5) 48. Be4+ {[%emt 0:03:22] White is clearly winning.} Kxg5 {[%emt 0:01:22]} 49. Rb5+ {[%emt 0:00:37]} Kf6 {[%emt 0:00:43]} (49... f5 $142 50. a5 Bc3 51. Bxf5 (51. gxf5 Rf6 $18) 51... Kf6) 50. a5 {[%emt 0:00:33][%cal Ba4a5,Ba5a6][%mdl 32] a6 is the strong threat.} Rc8 {[%emt 0:00:04]} 51. a6 {[%emt 0:01:35]} Rc3+ {[%emt 0:00:48]} 52. Ke2 {[%emt 0:00:38]} Be3 {[%emt 0:00:02]} 53. Rf5+ {[%emt 0:00:16] Weighted Error Value: White=0.33/Black=0.39} 1-0

[Event "German Bundesliga 2021-22"]
[Site "Germany"]
[Date "2022.04.09"]
[Round "3.11"]
[White "Kollars, Dmitrij"]
[Black "Vaisser, Anatoly"]
[Result "1-0"]
[WhiteElo "2635"]
[BlackElo "2484"]
[Annotator "TA"]
[PlyCount "63"]
[EventDate "2022.03.05"]
[EventType "team-tourn"]
[EventCountry "GER"]
[SourceTitle "playchess.com"]
[Source "ChessBase"]
[SourceQuality "1"]
[TimeControl "40/5400+30:1800+30"]

{[%evp 16,63,32,32,37,41,67,39,39,45,43,43,42,25,27,18,27,25,36,0,0,0,0,0,0,0,124,106,111,110,406,390,385,373,556,562,639,622,855,837,830,763,800,754,721,651,1995,1928,1618,1547]} 1. e4 {[%emt 0:00:00]} e6 {[%emt 0:00:00]} 2. d4 {[%emt 0:00:00]} d5 {[%emt 0:00:00]} 3. Nc3 {[%emt 0:00:00]} Bb4 {[%emt 0:00:00]} 4. e5 {[%emt 0:00:00]} c5 {[%emt 0:00:00]} 5. a3 {[%emt 0:00:00]} Bxc3+ {[%emt 0:00:00]} 6. bxc3 {[%emt 0:00:00]} Nc6 {[%emt 0:00:00]} 7. Qg4 {[%emt 0:00:00]} g6 {[%emt 0:00:00]} 8. Nf3 {[%emt 0:01:46]} Qa5 {[%emt 0:00:00]} 9. Bd2 {[%emt 0:01:07]} Qa4 {[%emt 0:00:45] C18: French: 3 Nc3 Bb4: Main line: 7 h4 and 7 Qg4.} 10. Be2 {[%emt 0:05:41]} c4 {[%emt 0:07:16]} 11. h4 $5 {[%emt 0:07:05][%mdl 4] &Bianco is more active. A promising side line.} h6 {[%emt 0:00:40] White is slightly better.} 12. Ra2 {[%emt 0:10:00]} Bd7 {[%emt 0:12:12]} 13. Qf4 {[%emt 0:03:39]} Rh7 {[%emt 0:07:47]} 14. Nh2 {[%emt 0:03:48]} O-O-O {[%emt 0:06:11]} 15. Ng4 {[%emt 0:02:40]} Qa5 {[%emt 0:06:48]} 16. h5 g5 {[%emt 0:01:20] [#]} 17. Qf3 $146 {[%emt 0:16:30]} ({Predecessor:} 17. Qe3 Nce7 18. f4 Nf5 19. Qf2 gxf4 20. Qxf4 Rg7 21. Bf3 Qb6 22. Kf2 Re8 23. Raa1 {½-½ (35) Firat,B (2248)-Komarov,D (2530) Ankara 2009}) 17... Rf8 {[%emt 0:04:06]} 18. a4 {[%emt 0:02:25]} f5 {[%emt 0:04:22]} 19. exf6 {[%emt 0:00:37]} Nxf6 {[%emt 0:01:03]} 20. O-O {[%emt 0:04:52]} (20. Nxf6 Rhf7 $15) 20... Nxd4 {[%emt 0:03:56]} 21. cxd4 $16 {[%emt 0:00:23]} Qxd2 {[%emt 0:00:09] [#]} 22. Qa3 $1 {[%emt 0:01:03]} ({Weaker is} 22. Nxf6 Rhf7 23. Qa3 (23. Rd1 Qa5 $17) 23... Rxf6 $15) 22... Rhh8 {[%emt 0:10:39][%mdl 8192] This move loses the game for Black.} (22... Rff7 $16 23. c3 Qf4) 23. c3 $18 {[%emt 0:01:04]} Qf4 {[%emt 0:00:12] [#]} 24. Ne5 {[%emt 0:00:07]} Ne4 {[%emt 0:05:27]} (24... Rd8 $142 25. g3 Qf5) 25. Bf3 {[%emt 0:02:46] White is clearly winning.} Rd8 {[%emt 0:13:33]} 26. Bxe4 {[%emt 0:01:42] Hoping for Qc5+.} Qxe4 {[%emt 0:00:13]} 27. Rb2 {[%emt 0:02:49]} Rh7 {[%emt 0:02:53]} 28. Qc5+ {[%emt 0:05:20]} ({Less strong is} 28. Qb4 Be8 $16) 28... Kb8 {[%emt 0:01:48]} 29. Qd6+ {[%emt 0:00:55]} Kc8 {[%emt 0:00:38]} 30. Rfb1 {[%emt 0:01:03]} Bxa4 {[%emt 0:03:17]} 31. Qc5+ {[%emt 0:00:17]} Kb8 {[%emt 0:04:47]} 32. Qa5 {[%emt 0:00:17][%csl LRa4,LRd8] Weighted Error Value: White=0.08 (flawless) /Black=0.57} 1-0

[Event "German Bundesliga 2021-22"]
[Site "Germany"]
[Date "2022.04.09"]
[Round "3.11"]
[White "Neiksans, Arturs"]
[Black "Gajewski, Grzegorz"]
[Result "1/2-1/2"]
[WhiteElo "2577"]
[BlackElo "2589"]
[Annotator "RC"]
[PlyCount "68"]
[EventDate "2022.03.05"]
[EventType "team-tourn"]
[EventCountry "GER"]
[SourceTitle "playchess.com"]
[Source "ChessBase"]
[SourceQuality "1"]
[TimeControl "40/5400+30:1800+30"]

1. e4 {[%emt 0:00:00]} c5 {[%emt 0:00:00]} 2. Nf3 {[%emt 0:00:00]} d6 {[%emt 0:00:00]} 3. Bb5+ {[%emt 0:00:00]} Nd7 {[%emt 0:00:00]} 4. Ba4 {[%emt 0:00:00]} Ngf6 {[%emt 0:00:00]} 5. O-O {[%emt 0:00:00]} e6 {[%emt 0:00:00]} 6. Re1 {[%emt 0:00:00]} a6 {[%emt 0:00:00]} 7. c3 {[%emt 0:00:00]} b5 {[%emt 0:00:00]} 8. Bc2 {[%emt 0:00:00]} Bb7 {[%emt 0:00:00]} 9. d4 {[%emt 0:00:00]} Be7 {[%emt 0:00:00]} 10. Nbd2 {[%emt 0:00:00]} Qc7 {[%emt 0:00:00]} 11. Nf1 {[%emt 0:00:00]} O-O {[%emt 0:02:05]} 12. Ng3 {[%emt 0:00:00]} Rfe8 {[%emt 0:01:57]} 13. Qe2 {[%emt 0:14:41]} a5 {[%emt 0:08:38]} 14. a4 {[%emt 0:18:51]} cxd4 {[%emt 0:03:18]} 15. cxd4 {[%emt 0:03:40]} Rec8 {[%emt 0:01:07]} 16. Bd3 {[%emt 0:00:45]} bxa4 {[%emt 0:00:06]} 17. Rxa4 {[%emt 0:14:17]} d5 {[%emt 0:07:30]} 18. e5 {[%emt 0:03:29]} Ne4 {[%emt 0:01:25]} 19. Bf4 {[%emt 0:03:32]} Bb4 {[%emt 0:02:22]} 20. Rf1 {[%emt 0:05:27]} f5 {[%emt 0:07:36]} 21. Raa1 {[%emt 0:03:27]} Nf8 {[%emt 0:04:54]} 22. Rfc1 {[%emt 0:02:19]} Qb6 {[%emt 0:00:14]} 23. Be3 {[%emt 0:05:58]} Rxc1+ {[%emt 0:04:56]} 24. Rxc1 {[%emt 0:00:33]} a4 {[%emt 0:00:04]} 25. Qd1 {[%emt 0:05:37]} a3 {[%emt 0:03:56]} 26. bxa3 {[%emt 0:00:32]} Rxa3 {[%emt 0:01:06]} 27. Ra1 {[%emt 0:01:53]} Ba6 {[%emt 0:10:57]} 28. Rxa3 {[%emt 0:01:55]} Bxa3 {[%emt 0:00:03]} 29. Ne2 {[%emt 0:01:49]} Bc4 {[%emt 0:02:53]} 30. h4 {[%emt 0:03:25]} Qb5 {[%emt 0:13:40]} 31. Nf4 {[%emt 0:01:36]} Ng6 {[%emt 0:00:39]} 32. Nxg6 {[%emt 0:02:51]} hxg6 {[%emt 0:02:10]} 33. Bxe4 {[%emt 0:00:43]} dxe4 {[%emt 0:00:45]} 34. Ng5 {[%emt 0:00:07]} Qb3 {[%emt 0:03:07]} 1/2-1/2

[Event "German Bundesliga 2021-22"]
[Site "Germany"]
[Date "2022.04.09"]
[Round "3.11"]
[White "Engel, Luis"]
[Black "Tomczak, Jacek"]
[Result "1/2-1/2"]
[WhiteElo "2564"]
[BlackElo "2584"]
[Annotator "TA"]
[PlyCount "54"]
[EventDate "2022.03.05"]
[EventType "team-tourn"]
[EventCountry "GER"]
[SourceTitle "playchess.com"]
[Source "ChessBase"]
[SourceQuality "1"]
[TimeControl "40/5400+30:1800+30"]

{[%evp 9,54,0,34,45,52,52,54,15,28,28,28,34,30,32,33,33,29,0,0,0,0,0,8,-119,-108,-100,0,0,0,0,5,0,0,0,0,-36,4,11,30,20,55,0,0,0,0,0,6]} 1. e4 {[%emt 0:00:00]} c6 {[%emt 0:02:30]} 2. d4 {[%emt 0:00:00]} d5 {[%emt 0:00:17]} 3. e5 {[%emt 0:00:00]} c5 {[%emt 0:00:37]} 4. dxc5 {[%emt 0:00:00]} e6 {[%emt 0:00:34]} 5. Bd3 {[%emt 0:00:00]} Bxc5 {[%emt 0:01:13]} (5... Nd7 $5 {[%cal Rd7e5]}) 6. Qg4 {[%emt 0:00:00] B12: Caro-Kann: Advance Variation.} Ne7 {[%emt 0:01:59]} 7. Nf3 {[%emt 0:00:00]} Ng6 {[%emt 0:04:10]} 8. h4 {[%emt 0:00:00][%cal Bh2h4,Bh4h5][%mdl 32] White is slightly better.} Nc6 {[%emt 0:10:55]} 9. h5 {[%emt 0:08:55]} Ncxe5 {[%emt 0:02:37]} 10. Nxe5 {[%emt 0:00:10]} Nxe5 {[%emt 0:00:04]} 11. Qxg7 {[%emt 0:00:06]} Nxd3+ {[%emt 0:00:19]} 12. cxd3 {[%emt 0:00:05] [#]} Kd7 $146 {[%emt 0:01:48]} ({Predecessor:} 12... Rf8 13. d4 Be7 14. Bh6 Bd7 15. Qxh7 Qb6 16. O-O Qxb2 17. Nd2 Qxd4 18. Bxf8 Bxf8 {1-0 (25) Vlassov,N (2384)-Ashutosh,K (1978) Udaipur 2019}) 13. Be3 {[%emt 0:07:57]} Qg8 {[%emt 0:11:55]} 14. h6 {[%emt 0:12:19]} Bf8 {[%emt 0:04:58]} 15. Qd4 {[%emt 0:18:28]} Qxg2 {[%emt 0:01:37]} 16. Rh5 {[%emt 0:06:17]} (16. Rf1 $1 $11 {was the only way to keep the balance.} Rg8 17. Qa4+ Kd6 18. Nc3) 16... Rg8 $17 {[%emt 0:02:37]} 17. Nc3 {[%emt 0:02:37][%cal Rc3d5] [#]} Qg4 {[%emt 0:18:36]} ({But not} 17... Qg1+ 18. Kd2 Qg4 19. Ne4 $14) (17... Be7 $1 $17 18. Rc1 Qg4 19. Qxg4 Rxg4) 18. Ne4 $1 $11 {[%emt 0:00:14] Hoping for Nf6+.} Be7 {[%emt 0:00:31]} (18... Qg1+ 19. Kd2 Qxa1 20. Nf6+ Kc7 21. Qc3+ Kd8 22. Bf4 Qxb2+ 23. Qxb2 $18) 19. Rh1 {[%emt 0:10:18] The board is on fire.} Ke8 {[%emt 0:06:04]} 20. Nf6+ {[%emt 0:00:33]} Bxf6 {[%emt 0:00:04]} 21. Qxf6 {[%emt 0:00:04]} Bd7 {[%emt 0:01:33] White must now prevent ...Rc8.} 22. Rc1 {[%emt 0:05:25]} d4 {[%emt 0:04:54] [#]} 23. Rh4 $1 {[%emt 0:02:34]} Qg6 {[%emt 0:01:49]} (23... Qf5 24. Qxf5) 24. Qxd4 {[%emt 0:03:16] Rc5 is the strong threat.} ({Of course not} 24. Qxg6 Rxg6 25. Rxd4 Bc6 $11) 24... Rd8 {[%emt 0:00:34]} 25. Rc3 {[%emt 0:04:26]} (25. Rc7 $14) 25... Bc6 {[%emt 0:04:23] The position is equal.} 26. Qc4 {[%emt 0:02:08]} Qf5 {[%emt 0:07:44]} 27. Rd4 {[%emt 0:01:58]} Rg1+ {[%emt 0:00:43] Weighted Error Value: White=0.16 (very precise) /Black=0.11 (very precise)} 1/2-1/2

[Event "German Bundesliga 2021-22"]
[Site "Germany"]
[Date "2022.04.09"]
[Round "3.12"]
[White "Kraemer, Martin"]
[Black "Ernst, Sipke"]
[Result "1-0"]
[WhiteElo "2584"]
[BlackElo "2532"]
[Annotator "TA"]
[PlyCount "85"]
[EventDate "2022.03.05"]
[EventType "team-tourn"]
[EventCountry "GER"]
[SourceTitle "playchess.com"]
[Source "ChessBase"]
[SourceQuality "1"]
[TimeControl "40/5400+30:1800+30"]

{[%evp 16,85,34,33,57,43,57,53,62,34,38,0,14,24,12,19,21,14,41,45,86,66,94,101,100,97,86,83,97,93,141,21,21,15,10,0,68,60,126,0,0,2,225,95,187,193,202,206,191,197,205,195,192,198,446,485,464,464,437,454,445,442,340,306,523,513,625,577,437,411,858,736]} 1. e4 {[%emt 0:00:00]} e5 {[%emt 0:00:00]} 2. Nf3 {[%emt 0:00:00]} Nc6 {[%emt 0:00:00]} 3. Bb5 {[%emt 0:00:00]} a6 {[%emt 0:00:00]} 4. Ba4 {[%emt 0:00:00]} Nf6 {[%emt 0:00:00]} 5. O-O {[%emt 0:00:00]} Bc5 {[%emt 0:00:00]} 6. c3 {[%emt 0:00:00]} b5 {[%emt 0:00:00]} 7. Bb3 {[%emt 0:00:00]} d6 {[%emt 0:00:00]} 8. d4 {[%emt 0:00:00]} Bb6 {[%emt 0:00:00]} 9. a4 {[%emt 0:00:00] 9.Be3 is more advanced technology.} Bg4 {[%emt 0:00:00] C78: Ruy Lopez: Archangelsk and Möller Defences.} 10. h3 {[%emt 0:00:00]} Bh5 {[%emt 0:00:00]} 11. Bg5 {[%emt 0:12:02] aiming for Bd5.} Rb8 {[%emt 0:00:43] White is slightly better.} 12. axb5 {[%emt 0:02:42]} (12. d5 {seems wilder.} Na5 13. Ba2 h6 14. Bxf6 Qxf6 15. Nbd2) 12... axb5 {[%emt 0:00:10]} 13. dxe5 {[%emt 0:16:34] [#]} Bxf3 $146 {[%emt 0:19:19]} ({Predecessor:} 13... Nxe5 14. g4 Bg6 15. Nxe5 dxe5 16. Qxd8+ Rxd8 17. Na3 h5 18. Bc2 hxg4 19. hxg4 c6 {½-½ (61) Azarov,S (2616)-Shalamberidze,A (2372) Tallinn 2014}) 14. Qxf3 {[%emt 0:05:26]} Nxe5 {[%emt 0:00:07]} 15. Qe2 {[%emt 0:00:44]} O-O {[%emt 0:00:38]} 16. Nd2 {[%emt 0:03:31]} Re8 {[%emt 0:07:34]} 17. Kh1 {[%emt 0:13:26]} c6 {[%emt 0:06:09]} 18. f4 {[%emt 0:01:39]} Ned7 {[%emt 0:01:54]} 19. Rae1 {[%emt 0:02:24]} Bc7 {[%emt 0:14:31]} 20. Qf3 {[%emt 0:03:17]} b4 {[%emt 0:07:47]} 21. Ba4 {[%emt 0:14:42]} bxc3 {[%emt 0:01:05]} 22. bxc3 {[%emt 0:00:01]} Rb6 {[%emt 0:09:59] [#]} (22... h6 $142 23. Bxf6 Nxf6) 23. e5 {[%emt 0:09:07]} (23. Nc4 $1 $16 {[%cal Rc4b6]} Ra6 24. Bc2) 23... dxe5 $11 {[%emt 0:00:20]} 24. Bxc6 {[%emt 0:00:02] And now Bxf6 would win. A strong pair of Bishops.} e4 $1 {[%emt 0:09:57]} 25. Bxe4 {[%emt 0:00:02]} Rbe6 {[%emt 0:05:22]} (25... h6 $11 26. Bh4 Nc5) 26. Rd1 $14 {[%emt 0:01:18] &Bianco is more active.} Nc5 {[%emt 0:12:01] [#]} (26... h6 $14 27. Bh4 Ba5) 27. Bf5 {[%emt 0:05:27]} (27. Nc4 $1 $16 Qe7 (27... Qb8 28. Bc6) 28. Bc6) 27... Re3 $11 {[%emt 0:00:13]} 28. Qc6 $36 {[%emt 0:00:04][%mdl 2048] Nc4 is the strong threat. White is more active.} Qe7 $2 {[%emt 0:00:14]} (28... Qd5 $11 {and Black is okay.} 29. Qxd5 (29. Qxc7 Qxf5 30. Bxf6 gxf6 $11) 29... Nxd5) 29. Nf3 {[%emt 0:02:29]} (29. Bxf6 $18 {and White stays clearly on top.} gxf6 30. Ra1) 29... h6 {[%emt 0:02:03]} (29... Bb8 $16) 30. Bxf6 $18 {[%emt 0:00:07]} gxf6 {[%emt 0:00:04]} 31. Bd7 {[%emt 0:05:34]} Rd8 {[%emt 0:04:32][%cal Oc5e4]} 32. Qxc7 {[%emt 0:00:06][%cal Od1d5] Threatens to win with Rd5!} Rxd7 {[%emt 0:00:05]} 33. Rxd7 {[%emt 0:00:03]} Nxd7 {[%emt 0:00:05]} 34. Nd4 {[%emt 0:00:57] Strongly threatening Nf5.} Kh7 $2 {[%emt 0:02:03]} (34... Nf8 {was worth a try.} 35. Qxe7 Rxe7) 35. Nf5 {[%emt 0:01:45][%csl LRe3,LRe7]} Rxh3+ {[%emt 0:00:02]} 36. gxh3 {[%emt 0:00:02]} Qe4+ {[%emt 0:00:07]} 37. Kg1 {[%emt 0:03:56]} Qxf5 {[%emt 0:00:05][%mdl 4096] Endgame KQR-KQN} 38. Qc4 {[%emt 0:00:43]} ({Don't play} 38. Rd1 Qg6+ 39. Kf2 Qc2+ 40. Ke1 Qe4+ 41. Kd2 Qa4 $18) 38... Kg7 {[%emt 0:00:02]} 39. Qe2 {[%emt 0:00:45]} Qc5+ $2 {[%emt 0:00:05]} (39... Qxh3 40. Qg2+ Qxg2+ 41. Kxg2 f5) 40. Kh2 {[%emt 0:00:10]} f5 {[%emt 0:01:19] Against Qg4+} 41. Qd3 {[%emt 0:00:00]} Nf6 {[%emt 0:00:00]} 42. Qd4 {[%emt 0:00:00]} Qc6 {[%emt 0:00:00]} (42... Qxd4 $142 43. cxd4 Kf8) 43. Rg1+ {[%emt 0:00:00] Weighted Error Value: White=0.24 (precise) /Black=0.50} 1-0

[Event "German Bundesliga 2021-22"]
[Site "Germany"]
[Date "2022.04.09"]
[Round "3.12"]
[White "Alonso Rosell, Alvar"]
[Black "Amin, Bassem"]
[Result "0-1"]
[WhiteElo "2570"]
[BlackElo "2682"]
[Annotator "TA"]
[PlyCount "94"]
[EventDate "2022.03.05"]
[EventType "team-tourn"]
[EventCountry "GER"]
[SourceTitle "playchess.com"]
[Source "ChessBase"]
[SourceQuality "1"]
[TimeControl "40/5400+30:1800+30"]

{[%evp 20,94,14,7,18,8,5,15,13,12,12,0,0,0,4,0,47,32,41,-8,-6,-6,0,0,0,0,0,-19,-14,-18,-24,-62,-9,-7,-22,-44,-29,-30,-18,-18,-18,-29,-31,-40,-32,-17,-22,-29,0,-3,0,-5,-2,-5,0,0,0,-5,0,0,0,-1,0,-8,-8,-255,-238,-482,-478,-456,-437,-737,-482,-427,-427,-312,-293]} 1. d4 {[%emt 0:00:00]} Nf6 {[%emt 0:00:00]} 2. c4 {[%emt 0:00:00]} g6 {[%emt 0:00:00]} 3. Nc3 {[%emt 0:00:00]} Bg7 {[%emt 0:00:00]} 4. e4 {[%emt 0:00:00]} d6 {[%emt 0:00:00]} 5. h3 {[%emt 0:00:00]} O-O {[%emt 0:00:00]} 6. Bg5 {[%emt 0:00:00]} c5 {[%emt 0:00:00]} 7. d5 {[%emt 0:00:00]} e6 {[%emt 0:00:00]} 8. Nf3 {[%emt 0:00:00]} exd5 {[%emt 0:07:39]} 9. cxd5 {[%emt 0:00:00]} Re8 {[%emt 0:02:53]} 10. Bd3 {[%emt 0:00:00]} c4 {[%emt 0:01:59]} 11. Bc2 {[%emt 0:00:00]} b5 {[%emt 0:01:51] A65: Modern Benoni: 6 e4.} 12. O-O {[%emt 0:00:00]} b4 {[%emt 0:04:04]} 13. Nb5 {[%emt 0:00:00]} Ba6 {[%emt 0:09:13] The position is equal.} 14. Ba4 {[%emt 0:00:00]} Rxe4 {[%emt 0:18:18]} 15. Nd2 {[%emt 0:00:00]} Re5 {[%emt 0:02:16]} 16. Bxf6 {[%emt 0:00:00]} ({Of course not} 16. Nf3 Rf5 17. g4 {[#]} Rxg5 $1 18. Nxg5 h6 $17) 16... Bxf6 {[%emt 0:00:33]} ({Don't take} 16... Qxf6 17. Nxc4 Re7 18. Nbxd6 $14) 17. Nxc4 {[%emt 0:00:00] [#]} Bxb5 $146 {[%emt 0:00:23]} (17... Nd7 $1 $11) ({Predecessor:} 17... Nd7 18. Nbxd6 Nb6 19. Nxf7 Kxf7 20. Nxe5+ Bxe5 21. Re1 Qd6 22. Bc6 Rf8 23. a3 b3 24. Qxb3 {½-½ (49) Susla,V (2348)-Wernikiewicz,Z (2347) LSS email 2018}) 18. Bxb5 $14 {[%emt 0:00:00]} Re7 {[%emt 0:00:08]} 19. Qa4 {[%emt 0:12:01]} (19. Qb3 $14 {should be considered.}) 19... a6 $11 {[%emt 0:15:07][%cal Oa6b5]} 20. Bc6 {[%emt 0:01:48]} Nxc6 {[%emt 0:00:39]} 21. dxc6 {[%emt 0:00:07]} d5 {[%emt 0:00:47]} 22. Rad1 {[%emt 0:01:32]} Re6 {[%emt 0:00:30]} 23. Rd3 {[%emt 0:32:11]} a5 {[%emt 0:07:52]} 24. Qb5 {[%emt 0:40:55]} d4 {[%emt 0:01:12]} 25. a3 {[%emt 0:00:53]} Qe8 {[%emt 0:09:06]} (25... bxa3 $15 26. Rxa3 Rb8) 26. axb4 {[%emt 0:03:31]} ({But not} 26. Nxa5 Re5 27. Qc4 Rexa5 $17) 26... axb4 {[%emt 0:00:09]} 27. Qxb4 {[%emt 0:02:06]} Qxc6 {[%emt 0:00:38] [#] Strongly threatening ...Ra4.} 28. Nd2 {[%emt 0:03:19]} Qc2 {[%emt 0:02:45]} 29. Qb3 {[%emt 0:01:08]} Qc7 {[%emt 0:00:44]} 30. Nf3 {[%emt 0:03:01]} Rb6 {[%emt 0:02:25]} 31. Qd1 {[%emt 0:00:16]} Rxb2 {[%emt 0:00:29]} 32. Nxd4 {[%emt 0:00:46]} Raa2 {[%emt 0:02:16]} 33. Nf3 {[%emt 0:01:14] Inhibits Bh4.} Qf4 {[%emt 0:07:41]} 34. Rd7 {[%emt 0:01:07]} Qf5 {[%emt 0:01:35]} 35. Qd5 {[%emt 0:01:09]} Qxd5 {[%emt 0:00:14]} 36. Rxd5 {[%emt 0:00:02]} h6 {[%emt 0:02:13]} 37. g3 {[%emt 0:00:35]} Bc3 {[%emt 0:00:42]} 38. Rd3 {[%emt 0:00:59]} Bb4 {[%emt 0:01:37]} 39. Ne5 {[%emt 0:00:38]} Re2 {[%emt 0:00:20]} 40. Rd8+ {[%emt 0:00:35]} Kg7 {[%emt 0:00:09]} 41. Rd5 {[%emt 0:30:18]} Ba5 {[%emt 0:00:00]} 42. Nc4 $2 {[%emt 0:00:00] This move loses the game for White.} (42. Rb5 $11 {and White stays safe.}) 42... Be1 $19 {[%emt 0:00:00][%cal Re1f2]} 43. Ne5 $2 {[%emt 0:00:00]} (43. Kg2) 43... Bxf2+ {[%emt 0:00:00]} 44. Kh1 {[%emt 0:00:00]} h5 {[%emt 0:00:00]} 45. g4 {[%emt 0:00:00]} (45. Nf3 $142) 45... Bb6 {[%emt 0:00:00][%csl Ga2][%cal Re2h2]} 46. Nf3 {[%emt 0:00:00] Against Rh2+} hxg4 {[%emt 0:00:00]} 47. hxg4 {[%emt 0:00:00]} Ra8 {[%emt 0:00:00] Weighted Error Value: White=0.33/Black=0.15 (very precise)} 0-1